International management text and cases

Uložené v:
Podrobná bibliografia
Hlavný autor: Beamish, Paul W.
Médium: Kniha
Jazyk:English
Vydavateľské údaje: New York McGraw-Hill/Irwin 2003
Vydanie:5th ed.
Predmet:
Tagy: Pridať tag
Žiadne tagy, Buďte prvý, kto otaguje tento záznam!

MARC

LEADER 00000nam$a2200000$$$4500
001 0105647
005 20240311125549.0
020 |a 0-07-248581-7 
041 0 |a eng 
044 |a US 
245 1 0 |a International management  |b text and cases  |c Paul W. Beamish ... [et al.] 
250 |a 5th ed. 
264 1 |a New York  |b McGraw-Hill/Irwin  |c 2003 
300 |a xii, 738 s. 
610 2 0 |a manažment 
610 2 0 |a manažment medzinárodný 
610 2 0 |a podnikanie 
610 2 0 |a podnikanie medzinárodné 
610 2 0 |a obchod medzinárodný 
610 2 0 |a globalizácia 
610 2 0 |a štúdie prípadové 
100 1 |a Beamish, Paul W.